logo

Bir Sreshtho Munshi Abdur Rouf Library
Jhenaidah Cadet College

The Enviromental Effects Of Nuclear War (Record no. 4727)

MARC details
000 -LEADER
fixed length control field 00618nam a2200217 a 4500
001 - CONTROL NUMBER
JCCL Control Number 4727
003 - CONTROL NUMBER IDENTIFIER
JCCL marc code BD-JhCC
005 - DATE AND TIME OF LATEST TRANSACTION
control field 20171130175001.0
008 - FIXED-LENGTH DATA ELEMENTS--GENERAL INFORMATION
fixed length control field 171130b1984 bg |||| ||a| 000 0 eng d
035 ## - SYSTEM CONTROL NUMBER
system control number (BD-JhCC)4727
040 ## - CATALOGING SOURCE
Original cataloging agency BD-JhCC
Modifying agency BD-JhCC
041 ## - LANGUAGE CODE
Language code of Book eng
082 ## - DEWEY DECIMAL CLASSIFICATION NUMBER
Classification number 574.5222
Author mark and Year JUL 1984
100 ## - MAIN ENTRY--PERSONAL NAME
Personal name London , Juliius & White, Gilbert F.
245 ## - TITLE STATEMENT
Title The Enviromental Effects Of Nuclear War
Statement of responsibility, etc Juliius London & Gilbert F. White
260 ## - PUBLICATION, DISTRIBUTION, ETC. (IMPRINT)
Place of publication, distribution, etc London :
Name of publisher, distributor, etc Westview Press,
Date of publication, distribution, etc 1984.
300 ## - PHYSICAL DESCRIPTION
Pagination 203 p. :
Dimensions 21 cm.
650 ## - SUBJECT ADDED ENTRY--TOPICAL TERM
Topical term or geographic name as entry element Nuclear Warfare , Environmental asPects
942 ## - ADDED ENTRY ELEMENTS (KOHA)
Source of classification or shelving scheme Dewey Decimal Classification
Koha item type Books

No items available.


JCC Library | Contacts | JCC Home

Last Update on 23 September 2017
Copyright @ 2017-2020 JCC Rouf Library
Rouf Library, Jhenidah Cadet College (JCC), Bangladesh